000 00678nam a2200253Ia 4500
003 OSt
005 20221005131736.0
006 a|||||r|||| 00| 0
007 ta
008 221004b |||||||| |||| 00| 0 tam d
024 _a48945
037 _cTextual
040 _aCRL
_cCRL
_btam
041 _2tam
_atam
082 _aO31,2M73,21, F8
100 _aBahadur Rao Au.
_9640006
245 0 _aSubhadra-Arjuna
_b tamil drama
260 _c1928
300 _a85+60p.
_ccm.
650 _aTAMIL DRAMA
_9192671
700 _a Sambandan P Au.
_9640007
942 _hO31,2M73,21, F8
_cTEXL
_2cc
999 _c1061246
_d1061246